| 000 | 00629nam a2200193 4500 | ||
|---|---|---|---|
| 001 | 136861 | ||
| 003 | ES-MaACL | ||
| 005 | 20230906195239.0 | ||
| 007 | t| | ||
| 008 | 070214s1970 sp r ||||1| spa d | ||
| 100 | 1 |
_aSahling, Bernhard. _9101480 |
|
| 245 | 1 | 3 |
_aLa técnica de la soldadura en la ingeniería de construcción / _cBernhard Sahling-Latzin ; traducción de José Mª Belló Berbegal. |
| 250 | _a1ª. ed. | ||
| 260 |
_aMadrid : _bBlume, _c1970. |
||
| 300 |
_a293 p. : _bil. ; _c25 cm. |
||
| 700 | 1 |
_aBelló Berbegal, José Mª. _927238 |
|
| 700 | 1 |
_aLatzin, Kurt. _970573 |
|
| 852 |
_aES-MaACL _jC-37694 _bR.73020 |
||
| 999 |
_c136861 _d136861 |
||